Velký podvod /

Hlavní autor: Busch, Renate
Další autoři: Dubovská, Iva
Jazyk: Čeština
Vydáno: Praha : I. Železný, 1996
Vydání: Vyd. 1.
Edice: S knížecí korunkou
Knihovnička Večerů pod lampou
Témata:
Fyzický popis: 58 s. ; 18 cm
Knihy
Uloženo v:
LEADER 01200nam a2200349 a 4500
001 000107347
003 CZ BrMZK
005 20220106114417.0
007 ta
008 960815s1996 xr g j cze d
015 |a cnb000206222 
020 |a 80-7210-312-1 
035 |a (OCoLC)37674473 
040 |a BOA001  |b cze 
072 7 |a 821-31/-34  |x Milostná, dobrodružná, fantastická próza  |2 Konspekt  |9 25 
080 |a 821-322.5  |2 MRF 
080 |a (0:82-322.5)  |2 MRF 
100 1 |a Busch, Renate  |7 jx20050503017  |4 aut 
245 1 0 |a Velký podvod /  |c Renate Buschová ; [z němčiny] přeložila Iva Dubovská 
250 |a Vyd. 1. 
260 |a Praha :  |b I. Železný,  |c 1996 
300 |a 58 s. ;  |c 18 cm 
490 1 |a S knížecí korunkou ;  |v 203 (42/96) 
490 1 |a Knihovnička Večerů pod lampou ;  |v 2336 
655 7 |a milostné povídky  |7 fd132834  |2 czenas 
700 1 |a Dubovská, Iva  |7 jx20051220029  |4 trl 
765 0 |t Ein Double für Fürstin Christine 
830 0 |a S knížecí korunkou 
830 0 |a Knihovnička Večerů pod lampou 
910 |a BOA001  |b 1-1026.778 
990 |a BK 
996 6 |b 2610044499  |c 1-1026.778  |l MZK  |r Sklad / do 1 hodiny  |n 1  |p p.v.  |w 000107347  |u 000010  |a 1  |e BOA001  |j MZK50  |s P